A house of horrors (Record no. 74398)
[ view plain ]
| 000 -LEADER | |
|---|---|
| fixed length control field | 00985cab a2200229 4500 |
| 001 - CONTROL NUMBER | |
| control field | ABS67869 |
| 008 - FIXED-LENGTH DATA ELEMENTS--GENERAL INFORMATION | |
| fixed length control field | 040514n2004 000 0 eng u |
| 035 ## - SYSTEM CONTROL NUMBER | |
| System control number | (Sirsi) u126208 |
| 100 ## - MAIN ENTRY--PERSONAL NAME | |
| Personal name | Murdoch, J. |
| 245 #2 - TITLE STATEMENT | |
| Title | A house of horrors |
| 260 ## - PUBLICATION, DISTRIBUTION, ETC. | |
| Date of publication, distribution, etc. | 2004 |
| 490 ## - SERIES STATEMENT | |
| Series statement | Estates Gazette |
| Volume/sequential designation | (0419) 8 May 2004, 163(1) |
| 520 ## - SUMMARY, ETC. | |
| Summary, etc. | Discusses "Sykes v Taylor-Rose and another" ([2004] EWCA Civ 299, Abs67660) which upheld the principle of caveat emptor by maintaining that the defendant did not have a positive duty to disclose that there had been a murder at the house several years before. CA ruled that the defendant has answered the claimants preliminary enquires about the property in an honest fashion. |
| 590 ## - LOCAL NOTE (RLIN) | |
| Local note | ABS |
| 650 ## - SUBJECT ADDED ENTRY--TOPICAL TERM | |
| Topical term or geographic name entry element | SYKES AND ANOTHER V TAYLOR-ROSE AND ANOTHER |
| 650 ## - SUBJECT ADDED ENTRY--TOPICAL TERM | |
| Topical term or geographic name entry element | NEGLIGENT MISSTATEMENT |
| 650 ## - SUBJECT ADDED ENTRY--TOPICAL TERM | |
| Topical term or geographic name entry element | FAILURE TO DISCLOSE FACTS |
| 650 ## - SUBJECT ADDED ENTRY--TOPICAL TERM | |
| Topical term or geographic name entry element | MISREPRESENTATION |
| 650 ## - SUBJECT ADDED ENTRY--TOPICAL TERM | |
| Topical term or geographic name entry element | SALE OF LAND |
| 690 ## - LOCAL SUBJECT ADDED ENTRY--TOPICAL TERM (OCLC, RLIN) | |
| Topical term or geographic name as entry element | PROPERTY AND LAND LAW-CASE LAW |
| 942 ## - ADDED ENTRY ELEMENTS (KOHA) | |
| Suppress in OPAC | 0 |
| Withdrawn status | Lost status | Source of classification or shelving scheme | Damaged status | Not for loan | Home library | Current library | Shelving location | Date acquired | Total Checkouts | Full call number | Barcode | Date last seen | Copy number | Price effective from | Koha item type |
|---|---|---|---|---|---|---|---|---|---|---|---|---|---|---|---|
| Dewey Decimal Classification | London | London | Journal article | 14/05/2004 | ABS67869 | 126208-1001 | 06/08/2019 | 1 | 06/08/2019 | Journal article |